Second Symposium on Problems in the Optimization of Data Communications Systems, Palo Alto, California, October 20-21, 1971 : [proceedings] /

Bibliographic Details
Corporate Authors: Symposium on Problems in the Optimization of Data Communications Systems Palo Alto, Calif., Association for Computing Machinery. Special Interest Group on Data Communications, IEEE Computer Society. Technical Committee on Computer Communications
Format: Conference Proceeding Book
Language:English
Published: New York : ACM : IEEE, [1971]
Subjects:

MARC

Tag First Indicator Second Indicator Subfields
LEADER 00000cam a2200000 a 4500
001 in00000504591
005 20151013065032.0
008 780817s1971 nyua 10010 eng d
035 |a (OCoLC)04149213 
035 |9 ACD7992AM 
040 |a CPO  |c CPO  |d OCL  |d m.c.  |d TXA  |d UtOrBLW 
049 |a TXAM  |c [1658179] 
090 |a TK5105  |b .S95 1971 
111 2 |a Symposium on Problems in the Optimization of Data Communications Systems  |n (2nd :  |d 1971 :  |c Palo Alto, Calif.) 
245 1 0 |a Second Symposium on Problems in the Optimization of Data Communications Systems, Palo Alto, California, October 20-21, 1971 :  |b [proceedings] /  |c sponsored by Association for Computing Machinery, Special Interest Group on Data Communications (SIGCOMM) ; Institute of Electrical and Electronics Engineers, Computer Society, Technical Committee on Computer Communications. 
264 1 |a New York :  |b ACM :  |b IEEE,  |c [1971] 
264 4 |c ©1971 
300 |a vi, 198 pages :  |b illustrations ;  |c 28 cm. 
336 |a text  |b txt  |2 rdacontent 
337 |a unmediated  |b n  |2 rdamedia 
338 |a volume  |b nc  |2 rdacarrier 
500 |a On cover : ACM/IEEE Second Symposium on Problems in the Optimization of Data Communications Systems. 
500 |a "IEEE cat. number 71C59-C." 
650 0 |a Data transmission systems  |v Congresses. 
650 0 |a Computer networks  |v Congresses. 
710 2 |a Association for Computing Machinery.  |b Special Interest Group on Data Communications. 
710 2 |a IEEE Computer Society.  |b Technical Committee on Computer Communications. 
740 0 |a ACM/IEEE Second Symposium on Problems in the Optimization of Data Communications Systems. 
999 |a MARS 
999 f f |s 41d54ca9-b367-34d4-bba3-42116c7bbff0  |i f7d67434-09cb-3035-a3ec-c30657f655d9  |t 0 
952 f f |p ric  |a Texas A&M University  |b Rellis Campus  |c Joint Library Facility  |d Remote Storage  |t 0  |e TK5105 .S95 1971  |h Library of Congress classification  |i unmediated -- volume  |m A14807686642 
998 f f |a TK5105 .S95 1971  |t 0  |l Remote Storage